000 00423nam a2200157 i 4500
001 114090
003 ES-MaACL
005 20230906190056.0
007 t|
008 061121s1932 sp r ||||1| spa d
100 1 _aPajarón, Jerónimo.
_988349
245 1 3 _aLa mejora del obrero campesino /
_cJerónimo Pajarón.
260 _aMadrid :
_bS. E. L. E.,
_c1932.
300 _a125 p. ;
_c19 cm.
852 _aES-MaACL
_jA-815
999 _c114090
_d114090